TMS 2011, 140th Annual Meeting & Exhibition, Supplemental proceedings. Volume 2, Materials fabrication, properties, characterization and modeling.

Collection of papers representing 13 symposia from the meeting.

Bibliographic Details
Corporate Authors: Minerals, Metals and Materials Society. Annual Meeting, Knovel (Firm), Minerals, Metals and Materials Society
Format: eBook
Language:English
Published: [Warrendale, Pa.] : Hoboken, N.J. : Minerals, Metals and Materials Society ; Wiley, ©2011.
Subjects:
Online Access:Connect to the full text of this electronic book

MARC

Tag First Indicator Second Indicator Subfields
LEADER 00000cam a2200000 a 4500
001 in00004637521
006 m o d
007 cr cnu---unuuu
008 110509s2011 paua ob 101 0 eng d
005 20230110223901.3
035 |a (OCoLC)ocn721408979 
040 |a N$T  |b eng  |e pn  |c N$T  |d N$T  |d YDXCP  |d TXA  |d DG1  |d EBLCP  |d E7B  |d OCLCQ  |d DEBSZ  |d OCLCQ  |d OCLCA  |d NLGGC  |d OCLCO  |d OCLCQ  |d OCLCF  |d MHW  |d MERUC  |d IDEBK  |d UKDOC  |d OCLCO  |d OCLCQ  |d OCLCO  |d COO  |d OCL  |d OCLCO  |d OCL  |d OCLCO  |d OCL  |d OCLCO  |d OCLCQ  |d OCLCO  |d STF  |d OCLCQ  |d AGLDB  |d DG1  |d LIP  |d ZCU  |d OCLCQ  |d KNOVL  |d OCLCQ  |d VTS  |d RRP  |d ICG  |d OCLCQ  |d U3W  |d OCLCQ  |d DKC  |d OCLCQ  |d M8D  |d OTZ  |d OCLCQ  |d AJS  |d TEF  |d OCLCO  |d OCLCQ  |d OCLCO 
019 |a 732956048  |a 751673431  |a 819641829 
020 |a 9781118062128  |q (electronic bk.) 
020 |a 1118062124  |q (electronic bk.) 
020 |a 9781118062142  |q (online library) 
020 |a 1118062140  |q (online library) 
020 |z 9781118029466 
020 |z 1118029461 
035 |a (OCoLC)721408979  |z (OCoLC)732956048  |z (OCoLC)751673431  |z (OCoLC)819641829 
050 4 |a TA401.3  |b .M56 2011eb v.2 
072 7 |a TEC  |x 021000  |2 bisacsh 
082 0 4 |a 620.1/1  |2 22 
049 |a TXAM 
110 2 |a Minerals, Metals and Materials Society.  |b Annual Meeting  |n (140th :  |d 2011 :  |c San Diego, Calif.) 
245 1 0 |a TMS 2011, 140th Annual Meeting & Exhibition, Supplemental proceedings.  |n Volume 2,  |p Materials fabrication, properties, characterization and modeling. 
246 3 |a Supplemental proceedings.  |n Volume 2,  |p Materials fabrication, properties, characterization and modeling 
246 3 0 |a Materials fabrication, properties, characterization and modeling 
260 |a [Warrendale, Pa.] :  |b Minerals, Metals and Materials Society ;  |a Hoboken, N.J. :  |b Wiley,  |c ©2011. 
300 |a 1 online resource (xxi, 963 pages) :  |b illustrations 
336 |a text  |b txt  |2 rdacontent 
337 |a computer  |b c  |2 rdamedia 
338 |a online resource  |b cr  |2 rdacarrier 
504 |a Includes bibliographical references and indexes. 
520 |a Collection of papers representing 13 symposia from the meeting. 
505 0 |a 2011 Functional and Structural Nanomaterials : Fabrication, Properties, Applications and Implications -- Aluminum Alloys : Fabrication, Characterization and Applications -- Commonality Phenomena in Composite Materials II -- Computational Thermodynamics and Kinetics -- David Pope Honorary Symposium on Fundamentals of Deformation and Fracture of Advanced Metallic Materials -- Deformation, Damage, and Fracture of Light Metals and Alloys -- Fatigue and Corrosion Damage in Metallic Materials : Fundamentals, Modeling and Prevention -- Frontiers in Solidification Science -- ICME : Overcoming Barriers and Streamlining the Transition of Advanced Technologies to Engineering Practice : The 12th MPMD Global Innovations Symposium -- Massively Parallel Simulations of Materials Response -- Recent Developments in the Processing, Characterization, Properties and Performance of Metal Matrix Composites -- Surfaces and Heterostructures at Nano- or Micro-scale and Their Characterization, Properties, and Applications -- Thermally Activated Processes in Plastic Deformation -- International Symposium on High-Temperature Metallurgical Processing. 
588 0 |a Print version record. 
650 0 |a Materials  |v Congresses. 
650 0 |a Materials science  |v Congresses. 
650 0 |a Nanostructured materials  |v Congresses. 
650 0 |a Alloys  |v Congresses. 
650 6 |a Matériaux  |v Congrès. 
650 6 |a Science des matériaux  |v Congrès. 
650 6 |a Nanomatériaux  |v Congrès. 
650 6 |a Alliages  |v Congrès. 
650 7 |a TECHNOLOGY & ENGINEERING  |x Material Science.  |2 bisacsh 
650 7 |a Alloys.  |2 fast  |0 (OCoLC)fst00805706 
650 7 |a Materials.  |2 fast  |0 (OCoLC)fst01011772 
650 7 |a Materials science.  |2 fast  |0 (OCoLC)fst01011957 
650 7 |a Nanostructured materials.  |2 fast  |0 (OCoLC)fst01032630 
655 7 |a Electronic books.  |2 local 
655 7 |a Conference papers and proceedings.  |2 fast  |0 (OCoLC)fst01423772 
710 2 |a Knovel (Firm) 
710 2 |a Minerals, Metals and Materials Society. 
776 0 8 |i Print version:  |a Minerals, Metals and Materials Society. Meeting (140th : 2011 : San Diego, Calif.).  |t TMS 2011, 140th Annual Meeting & Exhibition, Supplemental proceedings. Volume 2, Materials fabrication, properties, characterization and modeling.  |d [Warrendale, Pa.] : Minerals, Metals and Materials Society ; Hoboken, N.J. : Wiley, ©2011  |z 9781118029466  |w (OCoLC)682895183 
856 4 0 |u http://proxy.library.tamu.edu/login?url=https://app.knovel.com/hotlink/toc/id:kp6JOPS971/tms-2011-140th?kpromoter=marc  |z Connect to the full text of this electronic book  |t 0 
955 |a Knovel ebooks 
994 |a 92  |b TXA 
999 f f |s 50b37b4c-e31a-4647-a264-40918990dc9e  |i 67c503d7-fab0-4fa3-98a2-5cc15d8c559d  |t 0 
952 f f |a Texas A&M University  |b College Station  |c Electronic Resources  |d Available Online  |t 0  |e TA401.3 .M56 2011eb v.2  |h Library of Congress classification 
998 f f |a TA401.3 .M56 2011eb v.2  |t 0  |l Available Online